000 00359nam a2200145 a 4500
008 980825s1987||||xx 0 und c
040 _aSNK
_bslo
_cSNK
_eAACR2
100 1 _aProcházka, Karel
245 1 0 _aFotbal to je hra
_bsvětový fotbal v obrazech
260 _aPraha
_bOlympia
_c1987
300 _a348 s.
020 _c92
044 _aCZ
041 _acze
999 _c18731
_d18731